000 00503nam a2200181Ia 4500
008 100917s9999 xx 000 0 und d
082 _b38435
100 _aवाड विजया
245 _aअ्रशरण
260 _bहेमचंद्र प्रकाशन संस्था
_c1979
300 _a162
365 _b15
520 _aकादंबरी
630 _aअ्रशरण
650 _aकादंबरी
730 _aअ्रशरण
942 _cBOOK
999 _c643829
_d643826